000 00836nam a2200265Ia 4500
003 OSt
005 20220912150415.0
006 a|||||r|||| 00| 0
007 ta
008 220909b |||||||| |||| 00| 0 eng d
024 _a44321
037 _cTextual
040 _aCSL
_beng
_cCSL
041 _aeng
082 _aD65,8(B):(X:89A), L8
100 _aOshima Y Ed.
111 _aInternational conference on information control problems in manufacturing technology (1977 : Tocko Japan)
245 0 _aProceeding on information control problems in manufacturing technology
260 _aOxford
_bPergamon press
_c1978
300 _axv,390p.
_ccm.
650 _a Online system science
650 _aComputer science
942 _hD65,8(B):(X:89A), L8
_cTEXL
_2CC
999 _c46851
_d46851